000 00308nam a22001337a 4500
008 170829b xxu||||| |||| 00| 0 eng d
020 _a9780312657949
041 _aeng
080 _a070
100 _a39
101 _aMED
245 _aCRITICAL THINKING READING WRITING
_cBARNET.S
942 _2udc
_cBK
999 _c25310
_d25310